[Event "Kazan clock sim"]
[Site "Kazan"]
[Date "2013.03.27"]
[Round "1.2"]
[White "Faizrakhmanov, Robert"]
[Black "Atalik, Suat"]
[Result "1/2-1/2"]
[WhiteElo "2300"]
[BlackElo "2600"]
[PlyCount "52"]
[EventDate "2013.03.27"]
[EventType "simul"]
[EventRounds "1"]
[EventCountry "RUS"]
[SourceTitle "EXT 2014"]
[Source "ChessBase"]
[SourceDate "2013.11.20"]
[SourceVersion "1"]
[SourceVersionDate "2013.11.20"]
[SourceQuality "1"]

1. d4 Nf6 2. c4 g6 3. Nc3 d5 4. Nf3 Bg7 5. Bg5 dxc4 6. e3 Be6 7. Ne5 c5 8. Bxc4 Bxc4 9. Nxc4 cxd4 10. exd4 0-0 11. 0-0 Nc6 12. d5 Na5 13. Nxa5 Qxa5 14. Qb3 Rfd8 15. Qxb7 Nxd5 16. Nxd5 Qxd5 17. Qxd5 Rxd5 18. Bxe7 Bxb2 19. Rad1 Rxd1 20. Rxd1 Re8 21. Rd8 Rxd8 22. Bxd8 f5 23. Kf1 Kf7 24. Ke2 Ke6 25. Kd3 Kd5 26. Bg5 a6 1/2-1/2